000 00841nam a2200301Ia 4500
001 2578
003 IT-RoPAU
008 130308s9999 xx 000 0 und d
040 _aIT-RoPAU
040 _cIT-RoPAU
041 _aFRANCESE
100 _aRobbe-Grillet Alain
100 _gCodice Aut. SPICS: 1994
245 _aDes stereotypes aux structures: le sens en question
245 _bCinemas de la Modernite': Films, Theories
250 _a1a ed.
260 _aPARIS
260 _bKlincksieck
260 _c1981 [1° Ed.:1981 - Ed.Ling.Originale:1977]
300 _a"11 p. (prefazione: no ; testo: 11 [pagine: 93-103])"
500 _aCinema Moderno Dagli Sterotipi Alle Strutture
650 _aSAGGI SUL CINEMA
650 _eCodice materia Spics: 6811
942 _cBK
957 _71
999 _c55200
_d55200
999 _bSI
999 _g1